Statistics for Milwaukee Bucks Playoffs Starters

Click here to take the quiz!

General Stats

  • This quiz has been taken 174 times
    (89 since last reset)
  • The average score is 23 of 77

Answer Stats

Player% Correct
Giannis Antetokounmpo
100%
Brook Lopez
95%
Jrue Holiday
93%
Khris Middleton
93%
Grayson Allen
92%
Lucius Allen
92%
Ray Allen
92%
Kareem Abdul-Jabbar
82%
Oscar Robertson
72%
Alvin Robertson
69%
Fred Roberts
69%
Sidney Moncrief
64%
Eric Bledsoe
54%
P.J. Tucker
54%
Bobby Portis
51%
Michael Redd
48%
Brandon Jennings
43%
Ervin Johnson
41%
Marques Johnson
41%
Mickey Johnson
41%
Andrew Bogut
39%
Flynn Robinson
38%
Glenn Robinson
38%
Elmore Smith
36%
Greg Smith
36%
Joe Smith
36%
Malcolm Brogdon
36%
Michael Carter-Williams
36%
Scott Williams
34%
Damon Jones
31%
Sam Cassell
31%
Terry Cummings
31%
Wesley Matthews
30%
Bob Dandridge
25%
Paul Pressey
25%
Ersan İlyasova
23%
Monta Ellis
23%
Gary Payton
21%
Jack Sikma
21%
Jon McGlocklin
20%
Larry Sanders
20%
Thon Maker
20%
Alton Lister
16%
Bob Lanier
16%
Brian Winters
16%
Junior Bridgeman
13%
Kurt Thomas
13%
Nikola Mirotić
13%
Tim Thomas
13%
Quinn Buckner
11%
Zaza Pachulia
11%
T.J. Ford
10%
Tony Snell
10%
Craig Hodges
8%
Frank Brickowski
8%
Jay Humphries
8%
John Salmons
8%
Mike Dunleavy
7%
Bobby Simmons
5%
Desmond Mason
5%
John Lucas
5%
Luc Mbah a Moute
5%
Randy Breuer
5%
Brad Lohaus
3%
Brian Skinner
3%
Carlos Delfino
3%
Danny Schayes
3%
Dave Meyers
3%
Jim Price
3%
Larry Krystkowiak
3%
Tyler Zeller
3%
Cornell Warner
2%
Curtis Perry
2%
Darvin Ham
2%
Jamaal Magloire
2%
John Gianelli
2%
Gary Brokaw
0%

Score Distribution

Percentile by Number Answered

Percent of People with Each Score

Your Score History

You have not taken this quiz since the last reset